Library of the University of Algiers 3
Ibrahim Sultan Cheibout
شعار جامعة الجزائر 3
مكتبة جامعة الجزائر 3
إبراهيم سلطان شيبوط

التحليل المالي لأغراض تقييم الأداء و التنبؤ بالفشل / (رقم التسجيلة. 43943)

تفاصيل مارك
000 -LEADER
fixed length control field 01360nam a2200241Ia 4500
003 - CONTROL NUMBER IDENTIFIER
control field Ost
005 - DATE AND TIME OF LATEST TRANSACTION
control field 20260507075323.0
008 - FIXED-LENGTH DATA ELEMENTS--GENERAL INFORMATION
fixed length control field 260507s9999||||xx |||||||||||||| ||und||
020 ## - INTERNATIONAL STANDARD BOOK NUMBER
International Standard Book Number 52363399579
040 ## - CATALOGING SOURCE
Transcribing agency fsecg
041 ## - LANGUAGE CODE
Language code of text/sound track or separate title ara
082 ## - DEWEY DECIMAL CLASSIFICATION NUMBER
Classification number 330
100 ## - MAIN ENTRY--PERSONAL NAME
Personal name الزبيدي، حمزة محمد
Relator term مؤلف
245 #0 - TITLE STATEMENT
Title التحليل المالي لأغراض تقييم الأداء و التنبؤ بالفشل /
Statement of responsibility, etc. حمزة محمد الزبيدي
250 ## - EDITION STATEMENT
Edition statement طبعة 2 مزيدة و منقحة
260 ## - PUBLICATION, DISTRIBUTION, ETC.
Place of publication, distribution, etc. عمان:
Name of publisher, distributor, etc. مؤسسة الوراق للنشر والتوزيع,
Date of publication, distribution, etc. 2011
300 ## - PHYSICAL DESCRIPTION
Extent 360 صفحة؛
Other physical details إيضاحات ؛
Dimensions 25 سم
520 ## - SUMMARY, ETC.
Summary, etc. طبيعة التحليل المالي و بعده الاستراتيجي، ماهية التحليل المالي و الجهات المستفيدة منه ، أساليب التحليل المالي، تقييم الأداء، تقييم الأداءبواسطة كل من تحليل الملاءمة المالية، تحليل الانتاجية، تحليل هيكل رأس المال، تحليل الربحية، تحليل الفيمة (نسبة السوق )، تحليل الرفع، التحليل المالي و التنبؤ بالفشل
653 ## - INDEX TERM--UNCONTROLLED
Uncontrolled term الإدارة المالية
653 ## - INDEX TERM--UNCONTROLLED
Uncontrolled term التنبؤ
653 ## - INDEX TERM--UNCONTROLLED
Uncontrolled term تقييم الأداء
942 ## - ADDED ENTRY ELEMENTS (KOHA)
Koha item type كتب
المقتنيات
Withdrawn status Lost status Source of classification or shelving scheme Damaged status Not for loan Home library Current library Date acquired Serial enumeration / chronology Inventory number Total checkouts Full call number Barcode Date last seen Price effective from Koha item type
    Dewey Decimal Classification   NOT LOAN / إعارة داخلية مكتبة كلية العلوم الإقتصادية والعلوم التجارية وعلوم التسيير مكتبة كلية العلوم الإقتصادية والعلوم التجارية وعلوم التسيير 07/05/2026 الطابق الأرضي 20512   أ/3979ن1 20512 07/05/2026 07/05/2026 كتب
    Dewey Decimal Classification   Available مكتبة كلية العلوم الإقتصادية والعلوم التجارية وعلوم التسيير مكتبة كلية العلوم الإقتصادية والعلوم التجارية وعلوم التسيير 07/05/2026 الطابق الأرضي 20513   أ/3979ن2 20513 07/05/2026 07/05/2026 كتب
    Dewey Decimal Classification   Available مكتبة كلية العلوم الإقتصادية والعلوم التجارية وعلوم التسيير مكتبة كلية العلوم الإقتصادية والعلوم التجارية وعلوم التسيير 07/05/2026 الطابق الأرضي 20514   أ/3979ن3 20514 07/05/2026 07/05/2026 كتب
    Dewey Decimal Classification   Available مكتبة كلية العلوم الإقتصادية والعلوم التجارية وعلوم التسيير مكتبة كلية العلوم الإقتصادية والعلوم التجارية وعلوم التسيير 07/05/2026 الطابق الأرضي 20516   أ/3979ن5 20516 07/05/2026 07/05/2026 كتب
    Dewey Decimal Classification   Available مكتبة كلية العلوم الإقتصادية والعلوم التجارية وعلوم التسيير مكتبة كلية العلوم الإقتصادية والعلوم التجارية وعلوم التسيير 07/05/2026 الطابق الثاني 20517   أ/3979ن6 20517 07/05/2026 07/05/2026 كتب
    Dewey Decimal Classification   Available مكتبة كلية العلوم الإقتصادية والعلوم التجارية وعلوم التسيير مكتبة كلية العلوم الإقتصادية والعلوم التجارية وعلوم التسيير 07/05/2026 الطابق الثاني 20518   أ/3979ن7 20518 07/05/2026 07/05/2026 كتب
    Dewey Decimal Classification   Available مكتبة كلية العلوم الإقتصادية والعلوم التجارية وعلوم التسيير مكتبة كلية العلوم الإقتصادية والعلوم التجارية وعلوم التسيير 07/05/2026 مكتبة بن عكنون 20519   أ/3979ن8 20519 07/05/2026 07/05/2026 كتب
    Dewey Decimal Classification   Available مكتبة كلية العلوم الإقتصادية والعلوم التجارية وعلوم التسيير مكتبة كلية العلوم الإقتصادية والعلوم التجارية وعلوم التسيير 07/05/2026 مكتبة بن عكنون 20520   أ/3979ن9 20520 07/05/2026 07/05/2026 كتب

موارد الويب المفتوحة


© University of Algiers 3 All Rights Reserved
|
Implemented by LECHELAH Riad